000 01027nam a22003377a 4500
001 BR7311057
003 BR-BrBNA
005 20230928084229.0
007 ta
008 230509b bl.||||| |||| 00| 0 por d
040 _aBR-BrBNA
_bpor
_cBiblioteca Nacional de Agricultura
041 _a(Por)
072 _aE15; L00
_b5213
_b/G514
090 _ 5213 BR7311057
100 1 _aMartins, J.
100 1 _aChaves, R.N. de M.
100 1 _aWhite Junior, T.K.
100 1 _aGarcia, J.A.
100 1 _aAlvarenga, S.C. de
110 1 _aUniversidade Federal de Vicosa, MG (Brasil)
245 1 _aAnalise economica da habilidade da producao de gado de corte para competicao de recursos em fazendas tipicas da Zona da Mata de Minas Gerais [Brasil; Preco; Mao-de-obra]
260 3 _aVicosa, MG (Brasil):
_c1971.
300 _a151 p.
650 _aGADO DE CORTE
650 _aPRECO
650 _aMAO-DE-OBRA
650 _aZONA DA MATA
650 _aMINAS GERAIS
909 _a202309
_bLucia
_c55
_dLucia Elande
942 _cBK
999 _c17582
_d17582